000 00764nmm a2200277 a 4500
003 AR-BaBNM
005 20251128203131.0
008 267119s1980 ||||||||||||||000 | spa||
020 _a3-496-00140-2
040 _cAR-BaBNM
100 1 _aKahle, Günter
245 1 0 _aSimón Bolívar y los alemanes
260 _aBonn
_bInter Nationes
_c1980
300 0 _a109 p.
_bil.
500 0 _aContiene referencias bibliográficas en p. 103
650 4 _aBIOGRAFIAS
650 4 _aGUERRAS DE LA INDEPENDENCIA
650 4 _aHISTORIA MILITAR
650 4 _aSIGLO DIECINUEVE
650 4 _aHISTORIA LATINOAMERICANA
653 0 _aINDEPENDENCIAS AMERICANAS
655 _aBIOGRAFIAS
700 1 _aGarzón Valdés, Ernesto
_etraductor
942 _cBK
998 _cMARTIN
999 _c2057
_d2057